| 000 | 00582nam a22001577a 4500 | ||
|---|---|---|---|
| 999 |
_c122004 _d122004 |
||
| 005 | 20210420160417.0 | ||
| 008 | 210420b ||||| |||| 00| 0 eng d | ||
| 040 | _cPK-LaUMT | ||
| 082 |
_aRHC 891.4393 _bWAS-D |
||
| 100 | _aWasi Ahmad Bilgrami, Syed = وصی احمد بلگرام، سید | ||
| 245 |
_aDero harm ka afsana aur dosray mazameen = دیرو حرم کا افسانہ / _cby Syed Wasi Ahmad Bilgrami = از سید وصی احمد بلگرامی |
||
| 260 |
_aKarachi : _bSafeer Bilgarami Academy, _c2003 |
||
| 300 | _a304 p. | ||
| 650 | _aUrdu fiction | ||
| 942 | _cBK | ||